Gas turbine theory

Spremljeno u:
Bibliografski detalji
Glavni autor: Cohen, H.
Format: Knjiga
Jezik:Undetermined
Izdano: England Longman Scientific & Technical 1987
Teme:
Oznake: Dodaj oznaku
Bez oznaka, Budi prvi tko označuje ovaj zapis!
Thư viện lưu trữ: Trung tâm Học liệu Trường Đại học Cần Thơ
LEADER 00558nam a2200193Ia 4500
001 CTU_158440
008 210402s9999 xx 000 0 und d
020 |c 43.97 
082 |a 621.433 
082 |b C678 
100 |a Cohen, H. 
245 0 |a Gas turbine theory 
245 0 |c H. Cohen, C. F. C Rogers, H. I. H. Saravanamutto 
260 |a England 
260 |b Longman Scientific & Technical 
260 |c 1987 
650 |a Gas-turbines,Động cơ chạỵ bằng gas 
904 |i QHieu 
980 |a Trung tâm Học liệu Trường Đại học Cần Thơ